| 000 | 00601nam a2200169 a 4500 | ||
|---|---|---|---|
| 001 | 000033388 | ||
| 005 | 20200930070226.0 | ||
| 008 | 110825s1914 dr b 000 0 spa d | ||
| 040 |
_aDO-SdBNP _bspa _cBNPHU |
||
| 082 |
_axxxx _bC172 |
||
| 100 | 1 |
_aCamarena Perdomo, M. de J. _932242 |
|
| 245 | 1 | 0 |
_aEstudios sobre la reforma constitucional / _cM. de J. Camarena Perdomo. |
| 260 |
_aSanto Domingo, : _bImprenta Escobar Y Cia., _c1914. |
||
| 300 |
_a84 p. : _bmap. ; _c22 cm. |
||
| 563 | _aDos obras encuadernadas juntas con paginación continua | ||
| 700 | 1 | 2 |
_aNolasco, Felix Ma. _tEl canal de Panamá _958959 |
| 999 |
_c32879 _d32879 |
||